India chic : hotels, palaces, havelis, spas

Bibliographic Details
Main Author: Badhwar, Inderjit
Other Authors: Leong, Susan
Format: Book
Published: United Kingdom : Bolding Books , 2006
Subjects:

MARC

LEADER 00000cam a2200000 7i4500
001 0000018962
005 20080624.0
008 080612
020 |a 9814155578 
090 0 0 |a 915.406   |b BAD 
100 1 |a Badhwar, Inderjit 
245 1 0 |a India chic :   |b hotels, palaces, havelis, spas   |c Inderjit Badhwar, Susan Leong 
260 |a United Kingdom :   |b Bolding Books ,   |c 2006 
650 0 |a Havelis   |z India 
650 0 |a Health resort   |z India 
650 0 |a Hotels   |z India 
650 0 |a India guide book 
650 0 |a Places   |z India 
700 1 |a Leong, Susan 
999 |a 0001024120   |b Book   |c Adult Collection   |e Perbadanan Perpustakaan Awam Johor